Games that include Luigi - Statistics

General Stats
  • This quiz has been taken 15 times
  • The average score is 4 of 24
Answer Stats
Answer % Correct
New Super Mario Bros U
50%
Luigi's Mansion 3
40%
Luigi's Mansion Dark Moon
30%
Mario Kart 8
30%
New Super Mario Bros 2
30%
Paper Mario
30%
Super Mario 3D World
30%
Super Smash Bros Ultimate
30%
Mario Kart DS
20%
Mario Kart Wii
20%
Mario & Luigi Bowser's Inside Story
20%
Mario Party 10
20%
Mario Party 9
20%
Mario Kart 8 Deluxe
10%
Mario Party 8
10%
Mario Kart Tour
0%
Mario Party DS
0%
Mario & Sonic at the Olympic Games
0%
Mario & Sonic at the Olympic Winter Games
0%
Super Mario 64 DS
0%
Super Mario Crossover 2
0%
Super Smash Bros 3DS
0%
Super Smash Bros Wii-U
0%
Yoshi's New Island
0%
No matching quizzes found
Score Distribution
Percent of People with Each Score
Percentile by Number Answered
Your Score History
You have not taken this quiz